| 000 | 00751nam a22002537a 4500 | ||
|---|---|---|---|
| 003 | DO-SdBPM | ||
| 005 | 20250226114609.0 | ||
| 008 | 161031b2006 xxu a 1 00| 0 spa d | ||
| 020 | _a0765277549 | ||
| 040 |
_aDO-SdBPM _bspa _cBPMSU |
||
| 082 | 4 |
_a 919.4 _bW461v 2006 _222 |
|
| 100 | 1 | _aWagner, Michael | |
| 245 | 1 | 0 |
_aViajeros solitarios / _cMichael Wagner |
| 260 |
_aEstados Unidos : _bPearson Learning Group , _c2006. |
||
| 300 |
_a32 p. : _bil. ; _c25 cm. |
||
| 490 | 0 | _aiOpeners | |
| 500 | _aIncluye índice | ||
| 590 | _aInventariado, 2025/VM | ||
| 651 | 4 |
_a Australia _x Descripciones y viajes |
|
| 651 | 4 |
_aAustralia _xGeografía |
|
| 710 | 2 | _aCelebration Press | |
| 910 | _aVMateo V. Control de calidad. BPMSU | ||
| 942 |
_2ddc _cBK |
||
| 999 |
_c12620 _d12620 |
||